1097 1156 1167 1108 1317 1810 1255 1275 1538 1251 1176 1317 1506 1164 1244 1499 1766 1019 1091 1499 1899 1462 1394 1483 1557 1027 1063 1044 1298 1203 1105 1883 1357 1804 1031 1857 1612 1082 1056 1938 1299 1347 1310 1932 1601 1150 1837 1577 1936 1643 1684 1896 1819 1302 1543 1490 1205 1205 1228 1122 1271 1535 1305 1301 1493 1207 1444 1472 1082 1138 1013 1468 1465 1734 1810 1521 1129 1188 1168 1676 1434 1837 1988 1140 1083 1695 1907 1316 1837 1064 1907 1728 1642 1471 1406 1470 1030 1719 1617 BCNSPRNW ULIB Ver.6.0+V

เปลี่ยนเป็นภาษาไทย

Change to English
 แสดงรายละเอียดบรรณานุกรม
  กลับหน้าหลัก

Brief Record : Get Marc (ISO 2709) : E-mail record : QR code < ปิดหน้าต่าง
LEADER : 00000nam 2200000uu 4500
001    13399108415
003     ULIB
008    110303s2008||||th 000 0 tha d
020    9781401839659
041 0  eng
060  4 WY108^bL111P 2008
100 0  L.Louise Ivanov
245 00 Public health nursing : leadership, policy & practice/^cL.Louise Ivanov
260    Australia:^bDelmar cengage learning,^c2008
300    791
650  2 Public Health Nursing
700 0  Carolyn L. Blue
945    ^p1800^l0^i025095
995    ทศพร
999 ^a ใช้งานได้ทุกระบบ
รายการนี้ยังไม่มีแท็ก
คุณยังไม่ได้ล็อกอิน คุณสามารถมีกิจกรรมร่วมกับเว็บไซต์ได้ แต่ต้องล็อกอินก่อน ::
  ล็อกอิน

รายการสื่อสารสนเทศ

ลำดับที่ ประเภท เลขเรียก/บาร์โค้ด สถานที่ สถานะ
- ไม่พบข้อมูล -

รายการใกล้เคียง
    หัวเรื่อง [Public Health Nursing]

BibComment


ยังไม่เคยถูกคอมเมนท์

คอมเมนท์ทรัพยากรรายการนี้
  คอมเมนท์: Public health nur..


 Copyright 2026. Bcnsprnw @Library